[Event "Home Country for SM's 1st Convention."]
[Site "SchemingMind.com"]
[Date "2009.01.24"]
[Round "-"]
[White "dkappe"]
[Black "lemmie"]
[Result "1-0"]
[WhiteCountry "GER"]
[BlackCountry "NED"]
[WhiteElo "2052"]
[WhiteRD "95"]
[BlackElo "1754"]
[BlackRD "52"]
[GameID "188915"]

1. d4 d5 2. Nf3 Nf6 3. e3 c6 4. Bd3 Bg4 5. b3 e6 6. Bb2 Bd6 7. O-O Qc7 8. h3 Bxf3 9. Qxf3 Nbd7 10. Nd2 h6
11. e4 dxe4 12. Nxe4 Nxe4 13. Bxe4 Nf6 14. Bd3 O-O 15. c4 b6 16. Rae1 Rfe8 17. d5 exd5 18. Bxf6 gxf6 19. Qxf6 Be5 20. Qxh6 Bg7
21. Qh7+ Kf8 22. cxd5 Qf4 23. dxc6 Be5 24. g3 Qg5 25. Re4 Bxg3 26. Qh8+ Qg8 27. Qxg8+
1-0

[Event "Home Country for SM's 1st Convention."]
[Site "SchemingMind.com"]
[Date "2009.01.24"]
[Round "-"]
[White "lemmie"]
[Black "dkappe"]
[Result "0-1"]
[WhiteCountry "NED"]
[BlackCountry "GER"]
[WhiteElo "1754"]
[WhiteRD "52"]
[BlackElo "2052"]
[BlackRD "95"]
[GameID "188919"]

1. e4 d6 2. d4 Nf6 3. Nc3 g6 4. Nf3 Bg7 5. Be2 O-O 6. O-O c6 7. e5 dxe5 8. dxe5 Nd5 9. Re1 Nxc3 10. bxc3 Qa5
11. Qd4 c5 12. Qe3 Nc6 13. Bd2 b6 14. h3 Bb7 15. Reb1 Qa4 16. c4 Rad8 17. Rb3 Nxe5 18. Nxe5 Bxe5 19. Ra3 Qc6 20. Bf3 Qf6
21. Bxb7 Bxa1 22. Qe1 Qb2 23. Rb3 Qxc2 24. Bh6 Rd1
0-1

[Event "Home Country for SM's 1st Convention."]
[Site "SchemingMind.com"]
[Date "2009.02.07"]
[Round "-"]
[White "JPT"]
[Black "demiurg"]
[Result "1-0"]
[WhiteCountry "INT"]
[BlackCountry "HUN"]
[WhiteElo "1936"]
[WhiteRD "81"]
[BlackElo "2069"]
[BlackRD "62"]
[GameID "191051"]

1. e4 c5 2. h3 Nc6 3. Nf3 d6 4. Nc3 g6 5. d4 cxd4 6. Nxd4 Bg7 7. Bb5 Bd7 8. Be3 Nf6 9. O-O O-O 10. Nxc6 bxc6
11. Bd3 Qa5 12. Bd2 Qc7 13. Qc1 Rab8 14. Rb1 d5 15. e5 Nh5 16. f4
1-0

[Event "Home Country for SM's 1st Convention."]
[Site "SchemingMind.com"]
[Date "2009.02.07"]
[Round "-"]
[White "demiurg"]
[Black "JPT"]
[Result "0-1"]
[WhiteCountry "HUN"]
[BlackCountry "INT"]
[WhiteElo "2069"]
[WhiteRD "62"]
[BlackElo "1936"]
[BlackRD "81"]
[GameID "191057"]

1. e4 b6 2. d4 d6 3. Nf3 Bb7 4. Bd3 e6 5. Nc3 Nd7 6. O-O g6 7. Bf4 Bg7 8. Qd2 h6 9. h3 Ne7 10. a4 a6
11. Rfe1 e5 12. dxe5 dxe5 13. Bg3 c6
0-1

[Event "Home Country for SM's 1st Convention."]
[Site "SchemingMind.com"]
[Date "2009.02.16"]
[Round "-"]
[White "gingerbread"]
[Black "agrillage"]
[Result "0-1"]
[WhiteCountry "ENG"]
[BlackCountry "MLT"]
[WhiteElo "1765"]
[WhiteRD "90"]
[BlackElo "2093"]
[BlackRD "95"]
[GameID "191810"]

1. e4 c5 2. Nc3 Nc6 3. f3 g6 4. Bc4 Bg7 5. Nge2 Nf6 6. d4 cxd4 7. Nb5 Qb6 8. Nbxd4 Qb4+ 9. c3 Qxc4 10. b3 Qc5
11. Be3 Qa5
0-1

[Event "Home Country for SM's 1st Convention."]
[Site "SchemingMind.com"]
[Date "2009.03.08"]
[Round "-"]
[White "latvija"]
[Black "nimzoking"]
[Result "1/2-1/2"]
[WhiteCountry "USA"]
[BlackCountry "ENG"]
[WhiteElo "2152"]
[WhiteRD "117"]
[BlackElo "2143"]
[BlackRD "84"]
[GameID "194769"]

1. e4 d5 2. exd5 Qxd5 3. Nc3 Qa5 4. d4 Nf6 5. Nf3 Bf5 6. Bc4 c6 7. Bd2 e6 8. Nd5 Qd8 9. Nxf6+ gxf6 10. Bb3 Nd7
11. Qe2 Qc7 12. Nh4 Bg6 13. O-O-O O-O-O 14. Kb1 Kb8 15. h3 Bd6 16. Rhe1 Bf4 17. Bc3 Bg5 18. Nf3 Bf4 19. g3 Bd6 20. Nd2 Be7
21. h4 h5 22. Nc4 Nb6 23. Ba5 Rd5 24. Qd2 Rd7 25. Nxb6 axb6 26. Bc3 Bf5 27. Qe3 Bg4 28. Rd3 Rhd8 29. a3 c5=
1/2-1/2

[Event "Home Country for SM's 1st Convention."]
[Site "SchemingMind.com"]
[Date "2009.03.08"]
[Round "-"]
[White "nimzoking"]
[Black "latvija"]
[Result "1-0"]
[WhiteCountry "ENG"]
[BlackCountry "USA"]
[WhiteElo "2170"]
[WhiteRD "85"]
[BlackElo "2150"]
[BlackRD "119"]
[GameID "194778"]

1. d4 Nf6 2. Bf4 g6 3. Nd2 Bg7 4. e3 O-O 5. Be2 d6 6. h3 c5 7. c3 Qb6 8. Nc4 Qc7 9. Nf3 Bf5 10. O-O Nbd7
11. Qb3 Be6 12. Nfd2 Rac8 13. Rac1 a6 14. a4 Rb8 15. a5 b6 16. axb6 Nxb6 17. Qc2 Nxc4 18. Nxc4 cxd4 19. cxd4 Qb7 20. Rb1 Qb5
21. Nxd6 Qxe2 22. Qxe2
1-0

[Event "Home Country for SM's 1st Convention."]
[Site "SchemingMind.com"]
[Date "2009.05.18"]
[Round "-"]
[White "yozzer"]
[Black "mmccaffe"]
[Result "0-1"]
[WhiteCountry "GBR"]
[BlackCountry "USA"]
[WhiteElo "1871"]
[WhiteRD "94"]
[BlackElo "1689"]
[BlackRD "58"]
[GameID "205007"]

1. e4 c5 2. Nf3 d6 3. d4 cxd4 4. Nxd4 Nf6 5. Nc3 a6 6. Be2 e5 7. Nb3 Be7 8. O-O O-O 9. Kh1 Nbd7 10. a4 Qc7
11. a5 Nc5 12. Nxc5 Qxc5 13. Be3 Qc7 14. f4 exf4 15. Rxf4 Be6 16. Nd5 Bxd5 17. exd5 Nd7 18. Rc4 Qd8 19. Qd2 Rc8 20. Rb4 Qc7
21. Bd3 Ne5 22. Bf5 Rce8 23. Bb6 Qb8 24. Ra3 Bd8
0-1

[Event "Home Country for SM's 1st Convention."]
[Site "SchemingMind.com"]
[Date "2009.05.18"]
[Round "-"]
[White "mmccaffe"]
[Black "yozzer"]
[Result "0-1"]
[WhiteCountry "USA"]
[BlackCountry "GBR"]
[WhiteElo "1631"]
[WhiteRD "61"]
[BlackElo "1953"]
[BlackRD "98"]
[GameID "205014"]

1. c4 e5 2. Nc3 Nf6 3. g3 Bb4 4. Qb3 Nc6 5. e3 O-O 6. Bg2 Bxc3 7. Qxc3 d5 8. Ne2 dxc4 9. Qxc4 Be6 10. Qa4 Qd3
11. Bxc6 bxc6 12. b3 Bd5 13. Rg1 Ne4 14. f3 Ng5 15. e4 Nxf3+ 16. Kf1 Nd4 17. Rg2 Qxe4
0-1

[Event "Home Country for SM's 1st Convention."]
[Site "SchemingMind.com"]
[Date "2009.06.24"]
[Round "-"]
[White "dkappe"]
[Black "JPT"]
[Result "1-0"]
[WhiteCountry "GER"]
[BlackCountry "INT"]
[WhiteElo "2147"]
[WhiteRD "108"]
[BlackElo "1956"]
[BlackRD "91"]
[GameID "209766"]

1. d4 Nf6 2. Nf3 e6 3. e3 d5 4. Bd3 c5 5. b3 Nc6 6. O-O cxd4 7. exd4 Be7 8. Bb2 Bd7 9. a3 Qc7 10. Ne5 Nxe5
11. dxe5 Ng8 12. Nd2 f6 13. Qh5+ Kf8 14. c4 dxc4 15. Nxc4 Nh6 16. exf6
1-0

[Event "Home Country for SM's 1st Convention."]
[Site "SchemingMind.com"]
[Date "2009.06.22"]
[Round "-"]
[White "JPT"]
[Black "dkappe"]
[Result "0-1"]
[WhiteCountry "INT"]
[BlackCountry "GER"]
[WhiteElo "1874"]
[WhiteRD "92"]
[BlackElo "2173"]
[BlackRD "115"]
[GameID "209770"]

1. e4 d6 2. Nf3 Nf6 3. Nc3 g6 4. d4 Bg7 5. Bc4 Nc6 6. O-O O-O 7. Bf4 Nxe4 8. Nxe4 d5 9. Bxd5 Qxd5 10. Nc3 Qd8
11. Ne2 Bg4 12. c3 Bxf3 13. gxf3 e5 14. dxe5 Nxe5 15. Kg2 Qf6 16. Bxe5 Qxe5 17. Re1 Rfd8 18. Qa4 b5 19. Qb3 a5 20. Qc2 c5
21. Ng3 Qg5 22. Qe4 b4 23. Rec1 h5 24. h4 Qd5 25. Qxd5 Rxd5 26. c4 Rd2 27. Ne4 Rxb2 28. Nxc5 Bd4 29. Nd3 Rd2 30. Rd1 Rxd3
0-1

[Event "Home Country for SM's 1st Convention."]
[Site "SchemingMind.com"]
[Date "2009.07.28"]
[Round "-"]
[White "aadaam"]
[Black "nimzoking"]
[Result "1/2-1/2"]
[WhiteCountry "INT"]
[BlackCountry "ENG"]
[WhiteElo "1736"]
[WhiteRD "75"]
[BlackElo "2159"]
[BlackRD "89"]
[GameID "213888"]

1. d4 Nf6 2. c4 e6 3. Nc3 Bb4 4. e3 O-O 5. Bd3 d5 6. Ne2 c5 7. O-O cxd4 8. exd4 dxc4 9. Bxc4 Nbd7 10. a3 Be7
11. d5 Nb6 12. Bb3 Nbxd5 13. Bg5 Nxc3 14. Nxc3 Qa5 15. Bh4 Rd8 16. Qe2 Bd7 17. Rad1 a6 18. Ne4 Bb5 19. Bc4 Bxc4 20. Qxc4 Qe5
21. Nxf6+ Bxf6 22. Bxf6 Qxf6 23. Qc7 b5 24. b4 e5 25. Rfe1 h6 26. g3 Rxd1 27. Rxd1 Qf3 28. Rd7 Re8 29. Qb7 e4 30. Re7 Rxe7
31. Qxe7 Qd1+ 32. Kg2 Qd5 33. Qc5 Qd3 34. Qc8+ Kh7 35. Qf5+=
1/2-1/2

[Event "Home Country for SM's 1st Convention."]
[Site "SchemingMind.com"]
[Date "2009.07.28"]
[Round "-"]
[White "nimzoking"]
[Black "aadaam"]
[Result "1-0"]
[WhiteCountry "ENG"]
[BlackCountry "INT"]
[WhiteElo "2177"]
[WhiteRD "99"]
[BlackElo "1751"]
[BlackRD "63"]
[GameID "213893"]

1. e4 e6 2. Nf3 d5 3. e5 c5 4. b4 Nc6 5. bxc5 Bxc5 6. d4 Bb6 7. c3 Bd7 8. Bd3 Nge7 9. O-O O-O 10. Bg5 h6
11. Bd2 Na5 12. Na3 Rc8 13. Nb5 Nc4 14. Bxc4 Rxc4 15. Nd6 Rc7 16. a4 a6 17. Qb1 Nc8 18. Qb3 Nxd6 19. exd6 Rc6 20. Bf4
1-0

[Event "Home Country for SM's 1st Convention."]
[Site "SchemingMind.com"]
[Date "2009.12.01"]
[Round "-"]
[White "Chess_Man01"]
[Black "mmccaffe"]
[Result "0-1"]
[WhiteCountry "GBR"]
[BlackCountry "USA"]
[WhiteElo "2210"]
[WhiteRD "89"]
[BlackElo "1784"]
[BlackRD "63"]
[GameID "228214"]

1. e4 c5 2. Nf3 d6 3. d4 cxd4 4. Nxd4 Nf6 5. Nc3 a6 6. Be3 e5 7. Nb3 Be7 8. Be2 O-O 9. O-O Be6 10. Qd2 Nbd7
11. a4 Qc7 12. a5 Bxb3 13. cxb3 Nc5 14. Nd5 Nxd5 15. Qxd5 Qc6 16. Rac1 Qxd5 17. exd5 Nxb3 18. Rc7 Bf6 19. Rxb7 Nxa5 20. Rb6 Rfb8
21. Rxd6 Rxb2 22. Rxa6 Rxa6 23. Bxa6 Nb3 24. d6 Nd4 25. Rc1 Rc2 26. Rxc2 Nxc2 27. Bb6 Nd4 28. Bc4 Nc6 29. Kf1 Bd8 30. Bc7 Bf6=
31. Bd5 Nd8 32. Ke2 Kf8
0-1

[Event "Home Country for SM's 1st Convention."]
[Site "SchemingMind.com"]
[Date "2009.12.01"]
[Round "-"]
[White "mmccaffe"]
[Black "Chess_Man01"]
[Result "0-1"]
[WhiteCountry "USA"]
[BlackCountry "GBR"]
[WhiteElo "1784"]
[WhiteRD "63"]
[BlackElo "2210"]
[BlackRD "89"]
[GameID "228218"]

1. e4 c5 2. Nf3 d6 3. d4 cxd4 4. Nxd4 Nf6 5. Nc3 a6 6. Bg5 e6 7. Qd2 Nc6 8. f4 Qb6 9. Nb3 Ng4 10. h3 Qe3+
11. Qxe3 Nxe3 12. Rc1 f6 13. Bh4 Be7 14. Kd2 Nxf1+ 15. Rhxf1 b5 16. Rce1 b4 17. Ne2 e5 18. Kc1 a5 19. Nd2 Ba6 20. Rf2 O-O
21. Bg3 Rac8 22. Kb1 Bd8 23. c4 bxc3 24. Nxc3 Nb4 25. Rf3 Bd3+ 26. Rxd3 Nxd3 27. Re3 Nxf4 28. Bxf4 exf4 29. Rf3 f5 30. Rxf4 Bg5
31. Rf2 Bxd2 32. Rxd2 fxe4 33. Rxd6 e3 34. Ra6 Rxc3
0-1

[Event "Home Country for SM's 1st Convention."]
[Site "SchemingMind.com"]
[Date "2010.02.07"]
[Round "-"]
[White "nimzoking"]
[Black "agrillage"]
[Result "1-0"]
[WhiteCountry "ENG"]
[BlackCountry "MLT"]
[WhiteElo "2188"]
[WhiteRD "83"]
[BlackElo "2150"]
[BlackRD "110"]
[GameID "238175"]

1. e4 c5 2. Nc3 Nc6 3. Bb5 g6 4. Bxc6 bxc6 5. f4 Bg7 6. d3 d6 7. Nf3 Nf6 8. O-O O-O 9. Qe1 Rb8 10. b3 Bg4
11. Bd2 Bxf3 12. Rxf3 Nd7 13. f5 e6 14. Rd1 exf5 15. exf5 Ne5 16. Rg3 Re8 17. Qf2 Nd7 18. Ne4 Be5 19. Bf4 Bd4 20. Be3 Be5
21. Rh3 Nf6 22. fxg6 fxg6 23. Rf1 Rf8 24. Qh4 Rb7 25. Rhf3 Rbf7 26. Bg5
1-0

[Event "Home Country for SM's 1st Convention."]
[Site "SchemingMind.com"]
[Date "2010.02.07"]
[Round "-"]
[White "agrillage"]
[Black "nimzoking"]
[Result "1/2-1/2"]
[WhiteCountry "MLT"]
[BlackCountry "ENG"]
[WhiteElo "2150"]
[WhiteRD "110"]
[BlackElo "2188"]
[BlackRD "83"]
[GameID "238177"]

1. e4 c5 2. Nf3 Nc6 3. Nc3 g6 4. d4 cxd4 5. Nxd4 Nf6 6. Be3 Bg7 7. Bc4 Qa5 8. O-O O-O 9. Bb3 d6 10. h3 Bd7
11. f4 Nxd4 12. Bxd4 Bc6 13. Qd3 Rad8 14. Rad1 Nd7 15. Bxg7 Kxg7 16. Kh2 Nc5 17. Qd4+ e5 18. fxe5 Nxb3 19. axb3 Qxe5+ 20. g3 a6
21. Rf4 Rd7 22. Qf2 f6 23. Rf1=
1/2-1/2

[Event "Home Country for SM's 1st Convention."]
[Site "SchemingMind.com"]
[Date "2010.10.03"]
[Round "-"]
[White "dkappe"]
[Black "mmccaffe"]
[Result "0-1"]
[WhiteCountry "GER"]
[BlackCountry "USA"]
[WhiteElo "2151"]
[WhiteRD "125"]
[BlackElo "1770"]
[BlackRD "63"]
[GameID "261789"]

1. d4 Nf6 2. Nf3 g6 3. Nc3 Bg7 4. e4 d6 5. h3 O-O 6. Be3 Nbd7 7. e5 Ne8 8. Bc4 e6 9. Bg5 f6 10. Bxe6+ Kh8
11. exf6 Nexf6 12. O-O h6 13. Bh4 g5 14. Bg3 Nh5 15. Bh2 Nf4
0-1

[Event "Home Country for SM's 1st Convention."]
[Site "SchemingMind.com"]
[Date "2010.10.03"]
[Round "-"]
[White "mmccaffe"]
[Black "dkappe"]
[Result "1-0"]
[WhiteCountry "USA"]
[BlackCountry "GER"]
[WhiteElo "1668"]
[WhiteRD "48"]
[BlackElo "2027"]
[BlackRD "131"]
[GameID "261797"]

1. e4 c6 2. d4 d5 3. Nc3 dxe4 4. Nxe4 Bf5 5. Ng3 Bg6 6. Nf3 Nd7 7. c3 Ngf6 8. Bd3 Bxd3 9. Qxd3 e6 10. O-O Bd6
11. Bg5 Qc7 12. Rfe1 O-O 13. Ne4 Be7 14. Nxf6+ Bxf6 15. Bxf6 Nxf6 16. h3 c5 17. Qe3 cxd4 18. Nxd4 a6 19. Red1 h6 20. Nc2 Nd5
21. Qe2 Nf4 22. Qe3 Rfd8 23. Qf3 Rac8 24. Nd4 b6 25. Ne2 Ng6 26. Ng3 Nf4 27. Ne2 Nd5 28. Ng3 Qc4 29. Qe4 Qb5 30. Qe2 Qxe2
31. Nxe2 Ne7 32. Kf1 e5 33. Ng3 f5 34. Ke2 g6 35. Rxd8+ Rxd8 36. Rd1 Rxd1 37. Kxd1 Kf7 38. Kd2 Ke6 39. Kd3 Nd5 40. Ne2 Kd6
41. a3 b5 42. b3 Kc5 43. b4+ Kc6 44. c4 bxc4+ 45. Kxc4 Nb6+ 46. Kd3 Nd5 47. g3 g5 48. Nc3
1-0

[Event "Home Country for SM's 1st Convention."]
[Site "SchemingMind.com"]
[Date "2011.10.03"]
[Round "-"]
[White "mmccaffe"]
[Black "nimzoking"]
[Result "1/2-1/2"]
[WhiteCountry "USA"]
[BlackCountry "ENG"]
[WhiteElo "1631"]
[WhiteRD "53"]
[BlackElo "2217"]
[BlackRD "102"]
[GameID "294471"]

1. d4 Nf6 2. c4 e6 3. Nf3 b6 4. g3 Ba6 5. Qa4 c5 6. e3 Be7 7. Nc3 O-O 8. Be2 d5 9. O-O cxd4 10. Nxd4 dxc4
11. Bxc4 Bb7 12. f3 Bc5 13. Rd1 Qc7 14. Kg2 a6 15. Qb3 b5 16. Be2 Nbd7 17. e4 Ne5 18. Bf4 Nfd7=
1/2-1/2

[Event "Home Country for SM's 1st Convention."]
[Site "SchemingMind.com"]
[Date "2011.10.03"]
[Round "-"]
[White "nimzoking"]
[Black "mmccaffe"]
[Result "1-0"]
[WhiteCountry "ENG"]
[BlackCountry "USA"]
[WhiteElo "2219"]
[WhiteRD "106"]
[BlackElo "1671"]
[BlackRD "58"]
[GameID "294473"]

1. e4 c5 2. Nc3 d6 3. f4 g6 4. Nf3 Bg7 5. Bb5+ Bd7 6. Bc4 Nc6 7. O-O e6 8. Qe1 Nge7 9. d3 a6 10. a4 O-O
11. f5 exf5 12. Qh4 fxe4 13. dxe4 Ne5 14. Nxe5 Bxe5 15. Bg5 Re8 16. Bxf7+ Kg7 17. Bxe8
1-0